Tổng hợp và cấu trúc dãy hiđrazon chứa vòng furoxan đi từ axit isoeugenoxiaxetic /

Guardat en:
Dades bibliogràfiques
Autor principal: Hoàng Thị Tuyết Lan.
Altres autors: Nguyễn Hữu Đĩnh.
Format: Article
Idioma:Vietnamese
Etiquetes: Afegir etiqueta
Sense etiquetes, Sigues el primer a etiquetar aquest registre!
Thư viện lưu trữ: Thư viện Trường Đại học Đà Lạt
LEADER 00755nam a2200241 4500
001 DLU150168656
005 ##20150409
040 # # |a DLU  |b vie 
041 # # |a vie 
044 # # |a vn 
100 # # |a Hoàng Thị Tuyết Lan. 
245 # # |a Tổng hợp và cấu trúc dãy hiđrazon chứa vòng furoxan đi từ axit isoeugenoxiaxetic /  |c Hoàng Thị Tuyết Lan, Nguyễn Hữu Đĩnh. 
700 # # |a Nguyễn Hữu Đĩnh. 
773 # # |t Hóa học  |g Số 6, 2009, tr. 720-724 
920 # # |a Phòng Tạp chí -- Trung tâm Thông tin - Thư viện Trường Đại học Đà Lạt 
994 # # |a DLU 
900 # # |a True 
911 # # |a Hoàng Thị Huyền 
925 # # |a G 
926 # # |a A 
927 # # |a BB 
980 # # |a Thư viện Trường Đại học Đà Lạt